| 000 | 00395 a2200157 4500 | ||
|---|---|---|---|
| 001 | 63824 | ||
| 020 | _a9788565859516 (broch.) | ||
| 040 | _cAnchieta - Pituba | ||
| 100 | _aMarriott, Emma | ||
| 240 | 1 | 0 |
_aA história do mundo para quem tem pressa _lpor |
| 245 | 1 | 0 | _aA história do mundo para quem tem pressa |
| 300 | _a199 | ||
| 362 | 0 | _a2015 | |
| 650 | 4 | _aHistória do mundo | |
| 942 | _cBK | ||
| 999 |
_c63824 _d63824 |
||